[Event "Doriano Spinelli mem 2nd"]
[Site "Torino"]
[Date "2016.12.02"]
[Round "2"]
[White "Femia, Nicola"]
[Black "Ferrara, Davide"]
[Result "0-1"]
[WhiteElo "1817"]
[BlackElo "1591"]
[PlyCount "60"]
[EventDate "2016.12.01"]
[EventType "swiss"]
[EventRounds "5"]
[EventCountry "ITA"]
[SourceTitle "CBM 176 Extra"]
[Source "ChessBase"]
[SourceDate "2017.03.02"]
[SourceVersion "1"]
[SourceVersionDate "2017.03.02"]
[SourceQuality "1"]

1. e4 e5 2. Nf3 Nf6 3. Bc4 Nxe4 4. 0-0 d5 5. Bb3 Nc6 6. Re1 Bc5 7. d4 Nxd4 8. Nxd4 Bxd4 9. Rxe4 dxe4 10. c3 Bb6 11. Qh5 Qf6 12. Be3 Bxe3 13. fxe3 0-0 14. Nd2 Qf5 15. Qe2 Be6 16. Rf1 Qg6 17. Bc2 Bg4 18. Qf2 f5 19. Bb3+ Kh8 20. Nxe4 Rfd8 21. Ng3 f4 22. exf4 exf4 23. Qxf4 Be6 24. Bxe6 Qxe6 25. Ne4 Re8 26. Re1 Re7 27. Qh4 Rae8 28. Re2 Qg6 29. Ng3 Rxe2 30. Nxe2 Rxe2 0-1